Click the Spice Girl - Statistics

General Stats
  • This quiz has been taken 193 times
  • The average score is 4 of 5
Answer Stats
Hint Answer % Correct
Victoria Beckham Posh
93%
Geri Halliwell Ginger
86%
Emma Bunton Baby
76%
Melanie Brown Scary
76%
Melanie Chisolm Sporty
76%
No matching quizzes found
Score Distribution
Percent of People with Each Score
Percentile by Number Answered
Your Score History
You have not taken this quiz